000
00289nam a22001337a 4500
008
170609b xxu||||| |||| 00| 0 eng d
020
_a
9780876092743
041
_a
eng
080
_a
32
100
_a
19
101
_a
SHP
245
_a
THE PRICE OF DOMINANCE
_c
LODAL, J
942
_2
udc
_c
BK
999
_c
16754
_d
16754